| 000 | 00525nam a2200193Ia 4500 | ||
|---|---|---|---|
| 008 | 101110s9999 xx 000 0 und d | ||
| 041 | _aENGLISH | ||
| 082 |
_bSR9790 _a540.76 |
||
| 100 | _aKotwani & Adwani | ||
| 245 | _aChemical Calculations (F.Y.B.SC. AND Int.Sc.) | ||
| 365 | _b3 | ||
| 520 | _aChemistry | ||
| 546 | _aENGLISH | ||
| 630 | _aChemical Calculations (F.Y.B.SC. AND Int.Sc.) | ||
| 650 | _aChemistry | ||
| 655 | _aChemistry | ||
| 730 | _aChemical Calculations (F.Y.B.SC. AND Int.Sc.) | ||
| 942 | _cBOOK | ||
| 999 |
_c804839 _d804836 |
||